| 000 | 00472nam a2200193Ia 4500 | ||
|---|---|---|---|
| 005 | 20240823061638.0 | ||
| 008 | 240823s9999||||xx |||||||||||||| ||und|| | ||
| 041 | _aENGLISH | ||
| 082 | _A621.3845 Q4 | ||
| 100 | _aSiva Ram Murthy C | ||
| 245 | 0 | _aAd Hoc Wireless Networks : Architectures and Protocols | |
| 250 | _a1st | ||
| 260 |
_c2014 _bPe |
||
| 500 | _aYES | ||
| 650 |
_aWireless Network _bElectronics |
||
| 700 | _aManoj B S | ||
| 942 | _cBK | ||
| 999 |
_c234013 _d234013 |
||